[Event "Lotto POL-ch 2018"]
[Site "Warsaw"]
[Date "2018.05.12"]
[Round "1"]
[White "Piorun, Kacper"]
[Black "Wojtaszek, Radoslaw"]
[Result "1/2-1/2"]
[WhiteElo "2633"]
[BlackElo "2750"]
[Annotator "TA"]
[PlyCount "61"]
[EventDate "2018.??.??"]
[EventType "tourn"]
[EventCountry "POL"]
[SourceTitle "playchess.com"]
[Source "ChessBase"]
[SourceQuality "1"]

{[%evp 23,61,16,25,12,23,11,21,18,24,24,11,12,15,0,6,0,7,0,0,0,0,0,0,0,0,0,0,0,0,0,0,0,0,0,0,0,0,0,0,0]} 1. e4 c5 2. c3 Nf6 3. e5 Nd5 4. Nf3 Nc6 5. Bc4 Nb6 6. Bb3 c4 7. Bc2 d6 8. exd6 Qxd6 9. O-O g6 10. b3 Bg7 11. Na3 cxb3 12. axb3 O-O {LiveBook: 25 Games. B22: Sicilian: 2 c3} 13. Nc4 (13. d4 Bg4 14. h3 Bxf3 15. Qxf3 Nd5 16. Re1 Nxc3 17. Nc4 Qxd4 18. Bb2 Qf6 19. Qg3 b5 20. Re3 bxc4 21. Bxc3 {½-½ (44) Feuerstack,A (2438)-Georgiev,K (2623) Katowice 2017}) 13... Nxc4 14. bxc4 Be6 15. Qe2 Qc5 16. Ra4 {[#] d4 is the strong threat.} Na5 {[%cal Ra5c4]} 17. d4 {The position is equal.} Qc7 {[%cal Re6c4]} 18. Bd3 $146 ({Predecessor:} 18. c5 b6 19. g3 Bd5 20. Be4 Bxe4 21. Qxe4 Qd7 22. Ra2 Nc4 23. Bg5 h6 24. Nd2 Nxd2 25. Bxd2 bxc5 26. dxc5 Rfc8 27. Rb1 {½-½ (27) Ivanov,B (2412)-Nogga,U (2472) ICCF email 2015}) 18... Rac8 {[%cal Ra5c4]} 19. Bf4 Qxf4 20. Rxa5 Qc7 $1 {[%cal Rc7a5]} 21. Rxa7 {Hoping for c5.} Bxc4 22. Bxc4 Qxc4 23. Qxe7 Qxc3 24. Rxb7 Bxd4 25. Nxd4 Qxd4 26. Rd7 Qc5 27. Qxc5 Rxc5 28. Rfd1 h5 29. h4 Ra5 30. Rd8 Rxd8 31. Rxd8+ {Precision: White = 71%, Black = 76%.} 1/2-1/2

[Event "Lotto POL-ch 2018"]
[Site "Warsaw"]
[Date "2018.05.12"]
[Round "1"]
[White "Bartel, Mateusz"]
[Black "Mista, Aleksander"]
[Result "1-0"]
[WhiteElo "2604"]
[BlackElo "2590"]
[Annotator "TA"]
[PlyCount "113"]
[EventDate "2018.??.??"]
[EventType "tourn"]
[EventCountry "POL"]
[SourceTitle "playchess.com"]
[Source "ChessBase"]
[SourceQuality "1"]

{[%evp 17,113,12,27,15,10,0,11,9,31,37,31,33,47,27,32,29,37,36,79,84,89,93,95,104,93,78,93,81,129,139,135,133,139,90,133,91,99,84,87,95,92,102,58,48,33,24,199,183,180,139,212,224,302,154,128,172,170,151,144,-247,0,0,0,0,0,0,0,0,0,0,0,0,0,0,118,100,512,504,801,814,955,855,1185,528,1173,1093,2774,2373,5822,2266,12843,1932,2060,1557,29993,29994,29994,5381]} 1. e4 c5 2. Nf3 d6 3. Bb5+ Nd7 4. Ba4 (4. O-O a6 5. Bd3 Ngf6 6. Re1 b5 7. c3 Bb7 8. Bc2 c4 9. a4 e6 10. axb5 axb5 11. Rxa8 Qxa8 12. Na3 Bxe4 13. Bxe4 Nxe4 {½-½ (35) Mamedov,R (2704)-Karjakin,S (2778) Shamkir 2018}) 4... Ngf6 5. O-O a6 6. c4 {B51: Sicilian: Moscow Variation (3 Bb5+) without 3...Bd7} g6 7. Nc3 Bg7 8. d3 O-O 9. h3 b6 {LiveBook: 3 Games} 10. Be3 Bb7 11. Rb1 e6 12. b4 $146 Qc7 13. Qd2 Rfd8 14. Rfc1 Rab8 15. Bg5 Rdc8 16. a3 Nf8 17. Nh2 e5 18. Nd5 Nxd5 19. cxd5 f5 20. bxc5 dxc5 21. Qa2 Kh8 22. Bd2 f4 23. Bd1 h5 24. a4 {[%cal Ba3a4,Ba4a5][%mdl 32]} Nd7 25. g4 Nf6 26. Bc3 Re8 27. Qb2 Bc8 28. Nf3 Nh7 29. a5 $36 {[%cal Ra5b6][%mdl 2048] White is on the roll.} b5 30. Bb4 hxg4 31. Rxc5 Qf7 $2 (31... Qd8 $11 32. hxg4 Bxg4) 32. hxg4 $18 Bxg4 33. Kf1 Bh3+ (33... Rbc8 $16) 34. Ke1 g5 35. d6 (35. Bc3 $1 $18) 35... g4 $16 36. Nxe5 Rxe5 37. Rxe5 {Bc3 is the strong threat.} g3 38. Bf3 $2 {[%mdl 8192]} (38. Bh5 $1 $16 {[%cal Rh5f7] is forced if you want to stay better.} Qf6 39. Bc3 (39. d4 Qh4 $17)) 38... Qg6 $2 (38... Ng5 $1 $19 {[%cal Rg5f3]} 39. Rxg5 Bxb2 40. Rxb2 Rg8 41. Bc3+ (41. Rh5+ $2 Qxh5 42. Bxh5 g2 $19) 41... Kh7 42. Rxg8 (42. Rh5+ $2 Qxh5 43. Bxh5 g2 $19) 42... Qxg8) 39. Bc3 $11 g2 40. Re7 {[%cal Re7g7]} g1=Q+ 41. Ke2 Q1g5 $1 42. Rxg7 Qxg7 43. Rh1 Be6 ({Avoid the trap} 43... Bf1+ $2 44. Kxf1 Rd8 45. Qc1 $18) 44. Bxg7+ Qxg7 45. e5 {And now Be4 would win.} Re8 (45... Kg8 $11 {remains equal.}) 46. Be4 $1 $16 {[%mdl 1024] White has strong compensation.} f3+ $2 {[%mdl 8192]} (46... Bf5 $16 {is tougher.}) 47. Kd2 $18 Qg5+ {[#]} (47... Bg8 $142 48. Rh5 b4 49. Qxb4 Qf7) 48. Kc2 $1 Rc8+ 49. Kb1 Qg2 50. Rxh7+ Kg8 {( -> ...Qg1+)} 51. Rc7 Rxc7 52. dxc7 Kf7 53. Qd2 (53. Qc1 $142 Qg4 54. Kb2) 53... Ke7 {[#]} 54. Qe3 (54. Bd5 $142 $1 {[%mdl 512]} Bc8 (54... Bxd5 55. c8=Q) 55. Qb4+ Ke8 56. Bc6+ Kf7 57. Qf4+ Kg8 58. Bd5+ Kh7 59. Qh4+ Kg6 60. Qf6+ Kh7 61. Be4+ Kg8 62. Qd8+ Kf7 63. Qxc8 Qf1+ 64. Kc2 Qe2+ 65. Kb3 Qd1+ 66. Kb4 Qd2+ 67. Kc5 Qc3+ 68. Kb6 Qxe5 69. Qd7+ Qe7 70. c8=Q) 54... Qf1+ 55. Kc2 {Threatening mate with Qg5+.} Kd7 56. Qd4+ Kxc7 57. Qd6+ {Precision: White = 56%, Black = 35%.} 1-0

[Event "Lotto POL-ch 2018"]
[Site "Warsaw"]
[Date "2018.05.12"]
[Round "1"]
[White "Socko, Bartosz"]
[Black "Duda, Jan-Krzysztof"]
[Result "1/2-1/2"]
[WhiteElo "2593"]
[BlackElo "2724"]
[Annotator "TA"]
[PlyCount "77"]
[EventDate "2018.??.??"]
[EventType "tourn"]
[EventCountry "POL"]
[SourceTitle "playchess.com"]
[Source "ChessBase"]
[SourceQuality "1"]

{[%evp 19,77,11,14,18,11,14,11,8,19,20,16,18,18,8,71,33,38,19,33,35,54,37,102,78,100,94,88,78,76,84,88,77,77,71,322,304,290,290,413,306,293,257,318,303,275,0,0,0,0,0,0,0,0,0,0,0,0,0,0,0]} 1. d4 Nf6 2. c4 e6 3. Nf3 b6 4. g3 Ba6 5. b3 Bb4+ 6. Bd2 Be7 7. Nc3 c6 8. e4 d5 9. Bd3 {E15: Queen's Indian: 4 g3 sidelines, 4 g3 Ba6 and 4 g3 Bb7 early deviations} dxe4 10. Nxe4 Nbd7 {LiveBook: 6 Games} 11. Bc3 Bb7 12. Qe2 O-O 13. O-O $146 ({Predecessor:} 13. Neg5 h6 14. Nxe6 fxe6 15. Qxe6+ Rf7 16. Bg6 Qe8 {1-0 (49) Anton Guijarro,D (2628)-Duda,J (2678) Barcelona 2016}) 13... Nxe4 14. Bxe4 Nf6 15. Bc2 c5 16. dxc5 bxc5 (16... Qc8 $11) 17. Ng5 Qc7 18. Rad1 {And now Bxf6 would win.} Qc6 {[%csl Gb7][%cal Rc6h1] [#]} 19. f3 h6 20. Ne4 {[%cal Bg5e4,Be4f2,Bf2d3][%mdl 32]} Ne8 (20... Nh7 $1 $14) 21. Rd3 $36 {[%mdl 2048] White has strong initiative.} f5 22. Nf2 Bf6 23. Rfd1 Bxc3 24. Rxc3 Nf6 25. Re3 Rae8 26. Nd3 Ng4 $2 {[%mdl 8192]} (26... Nd7 $16 {keeps fighting.}) 27. fxg4 $18 fxg4 {[%csl Gb7][%cal Rc6h1] [#]} 28. Nf4 {aiming for Be4.} Qh1+ 29. Kf2 Rxf4+ 30. gxf4 Qxh2+ 31. Ke1 g3 32. Rxe6 $2 ({Only move:} 32. Kd2 $1 $18) 32... Qg1+ $11 {The position is equal.} 33. Kd2 Qd4+ 34. Bd3 Qb2+ 35. Ke1 Qc3+ 36. Rd2 $1 Qc1+ $1 37. Rd1 Qc3+ 38. Rd2 $1 Qc1+ $1 39. Rd1 {Precision: White = 72%, Black = 43%.} 1/2-1/2

[Event "Lotto POL-ch 2018"]
[Site "Warsaw"]
[Date "2018.05.12"]
[Round "1"]
[White "Tomczak, Jacek"]
[Black "Gajewski, Grzegorz"]
[Result "1/2-1/2"]
[WhiteElo "2589"]
[BlackElo "2599"]
[Annotator "TA"]
[PlyCount "49"]
[EventDate "2018.??.??"]
[EventType "tourn"]
[EventCountry "POL"]
[SourceTitle "playchess.com"]
[Source "ChessBase"]
[SourceQuality "1"]

{[%evp 14,49,13,-2,0,-18,-16,-14,-18,-6,0,0,10,-6,6,-5,0,-18,-18,-24,-15,-13,0,0,0,0,0,0,0,0,0,0,0,0,0,0,0,0]} 1. e4 e5 2. Nf3 Nc6 3. Bb5 Nf6 4. d3 Bc5 5. Bxc6 dxc6 6. Nbd2 {C65: Ruy Lopez: Berlin Defence (3...Nf6), unusual lines and 4 0-0 Bc5} (6. O-O Qe7 7. h3 Rg8 8. Kh1 Nh5 9. c3 g5 10. Nxe5 g4 11. d4 Bd6 12. g3 Bxe5 13. dxe5 Qxe5 {0-1 (27) Aronian,L (2794)-Kramnik,V (2800) Berlin 2018}) 6... Be6 7. Qe2 Nd7 8. b3 {LiveBook: 3 Games} Qe7 9. Bb2 f6 10. d4 exd4 11. Nxd4 Bxd4 $146 ({Predecessor:} 11... Bf7 12. Nf5 Qf8 13. O-O-O O-O-O {½-½ (62) Joachim,S (2422)-Abel,D (2427) Germany 2013}) 12. Bxd4 a5 13. a4 c5 14. Bb2 O-O-O 15. O-O Nb8 16. Nc4 Nc6 17. Bc3 {The position is equal.} b6 18. Nxa5 Nxa5 19. Bxa5 bxa5 20. Qa6+ Kb8 {Hoping for ...Bc8.} 21. Qb5+ Kc8 22. Qa6+ Kb8 {Threatens to win with ...Bc8.} 23. Qb5+ Kc8 24. Qa6+ Kb8 {aiming for ...Bc8.} 25. Qb5+ {Precision: White = 57%, Black = 45%.} 1/2-1/2

[Event "Lotto POL-ch 2018"]
[Site "Warsaw"]
[Date "2018.05.12"]
[Round "1"]
[White "Sadzikowski, Daniel"]
[Black "Krasenkow, Michal"]
[Result "1/2-1/2"]
[WhiteElo "2588"]
[BlackElo "2628"]
[Annotator "TA"]
[PlyCount "65"]
[EventDate "2018.??.??"]
[EventType "tourn"]
[EventCountry "POL"]
[SourceTitle "playchess.com"]
[Source "ChessBase"]
[SourceQuality "1"]

{[%evp 17,65,22,33,14,23,30,52,12,30,0,34,47,46,44,61,62,45,24,25,21,10,7,15,7,7,0,0,0,7,7,7,0,21,5,14,15,9,0,0,0,0,0,0,0,0,0,0,0,0,0]} 1. d4 d5 2. c4 e6 3. Nf3 c6 4. e3 Bd6 5. Bd3 f5 6. O-O Nf6 7. b3 Qe7 8. Bb2 b6 {A84: Dutch Defence: 2 c4 Miscellaneous} (8... Nbd7 9. Nc3 Ne4 10. Ne2 Qf6 11. Rc1 g5 12. Bb1 Rg8 13. Rc2 Rg6 14. Ne1 Rh6 15. g3 Qg6 16. Nc3 {1-0 (37) Mchedlishvili,M (2600)-Ivanchuk,V (2713) Batumi 2018}) 9. Nc3 {[%cal Bb1c3,Bc3e2,Be2f4][%mdl 32]} O-O {LiveBook: 11 Games} 10. Ne2 Bb7 $146 ({Predecessor:} 10... g6 11. Ne5 Bb7 12. Rc1 c5 13. h3 {½-½ (13) Costachi,M (2418)-Secheres,A (2332) Corund 2017}) 11. Nf4 Nbd7 12. Be2 c5 13. Ng5 Bxf4 14. exf4 cxd4 15. Qxd4 h6 16. Nf3 dxc4 17. bxc4 Rac8 {[%cal Ba8c8,Bc8c7,Bc7d7][%mdl 32]} 18. Qe3 Bxf3 {The position is equal.} 19. Qxf3 Nc5 20. Rfd1 Rfd8 21. Qa3 Rc7 22. f3 Rxd1+ 23. Rxd1 Rd7 24. Qe3 Nh7 25. Rd4 Nf8 26. Bd1 Rxd4 27. Qxd4 Qd7 28. Bc2 Qxd4+ 29. Bxd4 Nfd7 30. Kf2 Kf7 31. Ke3 g6 32. Kd2 Nb8 33. Bc3 {Precision: White = 44%, Black = 68%.} 1/2-1/2

[Event "Lotto POL-ch 2018"]
[Site "Warsaw"]
[Date "2018.05.13"]
[Round "2"]
[White "Wojtaszek, Radoslaw"]
[Black "Bartel, Mateusz"]
[Result "1-0"]
[WhiteElo "2750"]
[BlackElo "2604"]
[Annotator "TA"]
[PlyCount "157"]
[EventDate "2018.??.??"]
[EventType "tourn"]
[EventCountry "POL"]
[SourceTitle "playchess.com"]
[Source "ChessBase"]
[SourceQuality "1"]

{[%evp 18,156,19,16,13,11,26,27,24,33,34,25,31,29,29,27,28,23,26,25,46,36,48,43,56,43,48,54,83,71,75,68,95,107,110,95,120,108,124,111,133,133,129,128,133,128,128,128,127,95,107,102,164,154,165,170,166,62,60,57,70,33,82,82,120,128,152,153,152,158,139,136,129,137,179,173,162,130,123,133,120,122,123,125,130,122,158,133,134,153,142,70,70,70,70,70,70,70,70,70,70,70,70,70,71,70,70,70,70,70,1227,1227,1650,1675,1828,642,11691,5779,4910,10048,29977,29978,29978,29979,29979,29980,29980,29970,29971,0,29980,29981,29981,29982,29982,29983,29986,29987,29996,29997,29999]} 1. d4 d5 {[%cal Bd7d5,Bd5c4][%mdl 32]} 2. c4 c6 3. Nc3 {[%cal Bb1c3,Bc3e4,Be4d2][%mdl 32]} dxc4 4. e3 b5 5. a4 b4 6. Ne4 {D10: Slav Defence: 3 cxd5 (without early Nf3) and 3 Nc3} Qd5 7. Nd2 (7. Ng3 Nf6 8. Be2 Nbd7 9. Nf3 Ba6 10. O-O e6 11. b3 Qa5 12. bxc4 c5 13. Bb2 Rd8 {1-0 (41) Mamedyarov,S (2772)-Holt,C (2555) chess.com INT 2017}) 7... c3 8. bxc3 bxc3 9. Nb1 Qa5 10. Qc2 {LiveBook: 18 Games} Na6 {aiming for ...Nb4.} 11. Qxc3 Qxc3+ $146 ({Predecessor:} 11... Nb4 12. Bd2 e6 13. Nf3 Ba6 {1-0 (44) Borovikov,V (2562)-Nabaty,T (2604) Paleochora 2015}) 12. Nxc3 Nb4 {And now ...Nc2+ would win.} 13. Rb1 a5 14. Nf3 Nf6 15. Ne5 Bf5 16. Rb2 Nd7 17. e4 $36 {[%mdl 2048] Black is under pressure.} Nxe5 18. dxe5 Bc8 19. Bc4 e6 20. Be3 Be7 21. Ke2 O-O 22. Rd1 Rd8 23. Rxd8+ Bxd8 24. Bc5 Ba6 25. Bxa6 Nxa6 26. Bd6 $1 Ra7 27. Nb1 f6 28. Nd2 fxe5 29. Nc4 Bc7 30. Bxc7 Rxc7 31. Nxa5 $16 {[%mdl 4096] Endgame KRN-KRN} Nc5 32. Rb4 Kf8 33. Nc4 Nxe4 34. Nxe5 Nc3+ (34... Nf6 $16) 35. Kd3 $1 $18 {[%cal Rd3c3]} Nd5 36. Rb8+ Ke7 37. Kc4 (37. Kd4 $1 $18) 37... Kd6 $14 38. Nd3 Rf7 39. g3 Kc7 40. Rg8 $1 Kb6 41. Re8 Rf6 42. Rb8+ Kc7 43. Rg8 $1 Rf7 44. f4 Kd6 45. Rd8+ Ke7 46. Rb8 $1 Kd6 47. Kd4 g5 48. fxg5 Ra7 49. Rd8+ Ke7 50. Rh8 $1 {[%cal Rh8h7]} Kd6 51. Nb2 Nb6 52. h4 c5+ 53. Kd3 Ke5 {[#]} 54. a5 (54. Rb8 $1 $16 {[%cal Rb8b6]} Nxa4 55. Nc4+ Kf5 56. Kc2) 54... Rxa5 55. Rb8 $1 {[%cal Rb8b6]} Ra3+ 56. Ke2 Rxg3 57. Rxb6 {Threatens to win with Rb7. KRN-KR} Rh3 58. Nd3+ Kf5 59. Rc6 Rxh4 60. Rxc5+ Kg4 $1 61. Ne5+ Kh5 62. Nf3 Rh1 63. Rc8 {Hoping for Kf2.} h6 $2 {[%mdl 8192] [#]} (63... Kg6 $14) 64. Rg8 $1 $18 Ra1 65. g6 Ra5 66. Ke3 ({Less strong is} 66. g7 Kg6 $16) 66... Ra4 67. Ne5 Ra3+ 68. Kd4 Ra4+ 69. Kc5 Ra5+ 70. Kd6 Ra6+ 71. Ke7 Kg5 72. Nf7+ Kh5 73. Ne5 Kg5 $1 74. Rf8 {White mates.} Ra7+ 75. Kxe6 h5 76. Rf5+ Kh6 77. Rf7 Ra6+ 78. Kf5 {[%csl Gg6][%cal Rf7h7]} h4 79. Rh7# {Precision: White = 78%, Black = 53%.} 1-0

[Event "Lotto POL-ch 2018"]
[Site "Warsaw"]
[Date "2018.05.13"]
[Round "2"]
[White "Duda, Jan-Krzysztof"]
[Black "Tomczak, Jacek"]
[Result "1/2-1/2"]
[WhiteElo "2724"]
[BlackElo "2589"]
[Annotator "TA"]
[PlyCount "58"]
[EventDate "2018.??.??"]
[EventType "tourn"]
[EventCountry "POL"]
[SourceTitle "playchess.com"]
[Source "ChessBase"]
[SourceQuality "1"]

{[%evp 15,58,35,37,27,35,17,32,18,45,23,37,43,47,49,43,42,35,27,45,34,40,18,33,50,40,0,0,0,0,0,0,0,0,0,0,0,0,0,0,0,4,0,0,0,0]} 1. c4 Nf6 2. Nc3 c5 3. Nf3 d5 4. cxd5 Nxd5 5. e3 Nxc3 6. bxc3 g6 7. h4 {[%cal Bh2h4,Bh4h5][%mdl 32] A34: Symmetrical English: 2 Nc3, lines with ...d5} Bg7 8. h5 Nc6 {LiveBook: 14 Games} 9. Ba3 {White is slightly better.} (9. Be2 b6 10. Kf1 Qd6 11. d4 O-O 12. Ba3 Bf5 13. Kg1 Rfd8 14. Qa4 Qf6 15. hxg6 hxg6 {0-1 (63) Aronian,L (2799)-Nepomniachtchi,I (2751) Saint Louis 2017}) 9... b6 10. Rc1 $146 ({Predecessor:} 10. d4 Bg4 11. Bb5 Rc8 12. h6 Bf6 13. d5 Bxc3+ 14. Ke2 Bxa1 15. Qxa1 {½-½ (54) Shikalov,A-Vecek,M ICCF email 1998}) 10... Qd5 11. Qb3 Be6 12. c4 Qd7 13. Bb2 O-O 14. Bxg7 Kxg7 15. d4 cxd4 16. exd4 {[%cal Be3d4,Bd4d5][%mdl 32] [#] Threatens to win with Qc3.} Bg4 $1 ({Avoid the trap} 16... Nxd4 $2 17. Qc3 $18) 17. d5 Bxf3 $1 18. Qc3+ f6 19. gxf3 {[%cal Bg2f3,Bf3f4][%mdl 32]} Ne5 {[%cal Bc6e5,Be5f3,Bf3d4,Bd4f5,Bf5d6][%mdl 32]} 20. f4 Qg4 {The position is equal.} 21. Qe3 Nf3+ 22. Kd1 Nd4+ $1 ({Wrong is} 22... gxh5 $2 23. Be2 $18) 23. Kd2 Nf5 24. Qe4 $36 {[%mdl 2048] White fights for an advantage.} e5 $1 25. dxe6 Nd6 $1 {[%cal Rd6e4]} 26. Qe3 {[#] aiming for e7.} Nf5 27. Qe4 Nd6 $1 {[%cal Rd6e4]} 28. Qe3 {Hoping for e7.} Nf5 29. Qe4 Nd6 {Precision: White = 45%, Black = 80%.} 1/2-1/2

[Event "Lotto POL-ch 2018"]
[Site "Warsaw"]
[Date "2018.05.13"]
[Round "2"]
[White "Krasenkow, Michal"]
[Black "Gajewski, Grzegorz"]
[Result "1-0"]
[WhiteElo "2628"]
[BlackElo "2599"]
[Annotator "TA"]
[PlyCount "113"]
[EventDate "2018.??.??"]
[EventType "tourn"]
[EventCountry "POL"]
[SourceTitle "playchess.com"]
[Source "ChessBase"]
[SourceQuality "1"]

{[%evp 12,113,8,4,23,-12,37,30,33,37,35,35,36,37,39,42,42,33,100,89,90,63,79,76,81,79,82,78,119,118,111,80,124,127,145,145,145,145,150,146,141,141,141,141,141,141,145,148,145,145,145,145,146,145,145,145,145,145,145,145,144,143,156,136,344,323,371,366,377,377,385,347,323,162,173,176,176,186,187,187,150,194,186,83,83,83,83,83,84,84,84,91,1572,1497,1140,962,5369,5109,4606,4884,5061,4731,1922,1647]} 1. d4 Nf6 2. c4 e6 3. Nf3 d5 4. Nc3 Bb4 5. e3 O-O 6. Bd2 Nbd7 {[%cal Bb8d7,Bd7c5,Bc5e4][%mdl 32]} 7. Qc2 {LiveBook: 4 Games. E51: Nimzo-Indian: Rubinstein: 4...0-0 5 Nf3 d5} (7. Bd3 {seems wilder.} dxc4 8. Bxc4 b6 9. O-O Bb7 10. Qe2) 7... c5 (7... b6 {looks sharper.} 8. cxd5 exd5 9. Bd3 c5 10. O-O Re8) (7... b6 8. Be2 Bb7 9. O-O Be7 10. Rfd1 c5 11. Be1 Rc8 12. cxd5 exd5 13. Qf5 {0-1 (41) Vakhidov,J (2583)-Laznicka,V (2651) Baku 2016}) 8. dxc5 (8. cxd5 {feels hotter.} exd5 9. a3 Bxc3 10. Bxc3 b6 11. Bb5) 8... Nxc5 (8... Bxc5 {is interesting.} 9. cxd5 exd5 10. Be2 b6 11. O-O Bb7) 9. cxd5 {White is slightly better.} Nxd5 10. Nxd5 Bxd2+ 11. Qxd2 exd5 12. Be2 Ne4 $146 ({Predecessor:} 12... Be6 13. O-O Ne4 14. Qd4 Qa5 15. Bd3 Nf6 16. Rfc1 {1-0 (59) Podat,V (2286)-Roesch,M (2113) Baden 2015}) 13. Qb4 Bg4 14. O-O Bxf3 ({Better is} 14... a5 $14 15. Qd4 Qd6) 15. Bxf3 $16 Ng5 16. Be2 Qf6 17. Qxb7 Rab8 18. Qxa7 Rxb2 {[#]} 19. Qa6 $1 Ne4 {...Qxa6 is the strong threat.} 20. Qxf6 gxf6 21. Bf3 Nd2 22. Rfd1 (22. Bxd5 $6 Nxf1 23. Rxf1 Rc8 $11) 22... Nxf3+ 23. gxf3 {[%mdl 4096] Endgame KRR-KRR} Rc8 24. a4 Rcc2 25. Rdb1 ({Don't play} 25. Rxd5 Rxf2 26. Rh5 Rxf3 $11) 25... Rxb1+ 26. Rxb1 {KR-KR} Ra2 27. Rb4 Kg7 28. Rg4+ Kh6 29. Kg2 f5 30. Rb4 Kg6 31. Kg3 Kf6 32. Rb6+ Kg7 33. Ra6 f4+ 34. Kxf4 Rxf2 35. h4 {[%cal Bh2h4,Bh4h5][%mdl 32]} Rh2 {[#]} 36. Kg3 $1 {[%cal Rg3h2]} Re2 37. Rd6 Rxe3 $2 (37... Ra2 $16 38. Rxd5 Rxa4) 38. Rxd5 $18 Ra3 39. a5 Kg6 40. h5+ Kg7 41. Kf4 Kf6 42. Ke4 (42. Rd6+ $142 Ke7 43. Ra6) 42... Ra4+ 43. Kd3 Ke6 44. Rb5 Rf4 45. Rb6+ Kd5 46. Ke3 Ra4 47. a6 (47. Rb5+ $18 {is more deadly.} Kd6 48. Kd3) 47... f5 $16 48. Kd3 Ra3+ 49. Kc2 Ke5 50. Kb2 Ra5 51. Kb3 {Black must now prevent Kb4.} Kf4 $2 {[%mdl 8192]} (51... Kd5 $16 52. Rf6 Ra1) 52. Kb4 $18 {White is clearly winning.} Ra1 53. Kb5 Kg5 54. h6 Ra3 55. Rc6 Rb3+ 56. Ka4 Rb1 57. Ka5 {Precision: White = 78%, Black = 46%.} 1-0

[Event "Lotto POL-ch 2018"]
[Site "Warsaw"]
[Date "2018.05.13"]
[Round "2"]
[White "Mista, Aleksander"]
[Black "Socko, Bartosz"]
[Result "1-0"]
[WhiteElo "2590"]
[BlackElo "2593"]
[Annotator "TA"]
[PlyCount "175"]
[EventDate "2018.??.??"]
[EventType "tourn"]
[EventCountry "POL"]
[SourceTitle "playchess.com"]
[Source "ChessBase"]
[SourceQuality "1"]

{[%evp 25,175,16,27,15,8,8,31,16,19,17,15,12,14,12,26,10,14,0,33,0,0,0,31,0,0,0,0,0,0,0,7,-16,-16,-16,-6,-10,-12,-16,-20,-60,-12,-13,-15,-16,-17,-31,0,0,0,0,40,34,36,48,38,45,41,47,49,48,191,192,163,190,171,158,158,182,176,0,0,0,0,0,0,0,0,0,0,0,66,70,87,77,129,129,5061,4776,4133,4132,29958,29959,29961,29963,29963,29965,29969,29971,29971,29972,29971,252,29968,29969,29969,29970,29970,29971,29971,29972,29971,0,252,0,29971,29969,29971,29972,29971,29971,29973,29964,4716,0,252,252,252,252,252,252,252,252,252,252,252,252,252,252,252,252,252,252,252,251,251,251,29981,29982,29982,29983,29983,29983]} 1. e4 c6 2. d4 d5 3. Nc3 dxe4 4. Nxe4 Bf5 5. Ng3 Bg6 6. h4 h6 7. Nf3 e6 8. h5 Bh7 9. Bd3 Bxd3 10. Qxd3 Nf6 11. Bd2 Qb6 {B19: Classical Caro-Kann: 4...Bf5 main line} (11... c5 12. Ne4 Nc6 13. Bc3 Nb4 14. Bxb4 cxb4 15. Nxf6+ gxf6 16. c4 Qc7 17. O-O Rg8 18. c5 O-O-O 19. a3 Qc6 {½-½ (51) Inarkiev,E (2680)-Artemiev,V (2701) Sharjah 2018}) (11... c5 12. Ne4 Nc6 13. Bc3 Nxe4 14. Qxe4 c4 15. O-O-O Qd5 16. Rhe1 Be7 17. Ne5 Qxe4 18. Rxe4 Nxe5 19. dxe5 b5 {1-0 (53) Mista,A (2589)-Socko,B (2593) Zgierz 2018}) 12. O-O-O Qa6 13. Qxa6 Nxa6 {LiveBook: 3 Games. The position is equal.} 14. Rde1 Be7 15. Ne4 $146 ({Predecessor:} 15. Ne5 O-O 16. Ne4 Rfd8 {0-1 (47) Bildt,T (2026)-Stephan,J (2001) Bayern 2004}) 15... Rd8 16. Nxf6+ Bxf6 17. Be3 Nb4 18. a3 Nd5 19. Bd2 Nb6 20. Re4 Nc4 21. Bf4 b5 22. b3 Nd6 23. Re2 a5 {[%cal Ba7a5,Ba5a4,Ba4b3][%mdl 32]} 24. Ne5 Nf5 25. Nxc6 Nxd4 26. Nxd4 Rxd4 27. Bc7 a4 28. Rd1 Bg5+ 29. f4 $1 Bxf4+ 30. Bxf4 Rxf4 $11 {[%mdl 4096] Endgame KRR-KRR} 31. Rd5 axb3 32. c3 O-O 33. Rxb5 Ra8 34. Kb2 $1 Rfa4 35. Rxb3 R8a5 36. Rc2 Rxh5 37. c4 {c5 is the strong threat.} Rc5 38. Rb8+ {[%mdl 1024] White has compensation.} Kh7 39. Kb3 Rca5 40. Ra2 Ra7 $1 41. Rb4 R4a5 42. a4 Re5 (42... Re7 $14) 43. Rb5 $18 Re1 44. a5 e5 45. a6 e4 46. Kb4 e3 47. Ka5 $2 (47. Kc5 $1 $18) 47... Re7 $1 $11 48. Rbb2 {With the idea Kb6.} Rc1 $1 {[%cal Rc1c4]} (48... e2 $6 49. c5 $16) 49. Kb5 Re5+ $1 50. Kb6 {Black must now prevent a7.} Rxc4 {And now ...Re6+ would win.} 51. a7 Re6+ 52. Kb7 e2 ({Black should play} 52... Re7+ $1 $11 53. Ka6 (53. Kb6 Rc8 $15) 53... Rc8) 53. Rxe2 $14 Rb4+ {[#]} 54. Ka8 $1 {aiming for Rxe6.} Reb6 (54... Rd6 $142 55. Re8 Rd7) 55. Re8 {Strongly threatening Rb8.} Rb2 $2 {[%mdl 8192]} (55... Rd6 $16 56. Rb8 Re4) 56. Rxb2 $18 Rxb2 {KR-KR} 57. Rb8 Rxg2 58. Kb7 Ra2 59. a8=Q Rxa8 60. Rxa8 {KR-K3P} g5 61. Kc6 Kg6 62. Kd5 Kf5 63. Ra1 $2 (63. Rh8 Kf4 64. Kd4 (64. Rxh6 Ke3 $18) 64... f5 65. Rxh6 Kf3 66. Kc3 Ke2 67. Re6+ Kf3 68. Kd2) 63... Kf4 $2 {[#]} (63... h5 $18 64. Rf1+ Kg4) 64. Ra4+ $1 Kf5 65. Kd4 Kf4 66. Kd3+ Kf3 67. Ra5 Kg4 68. Ra4+ $2 (68. Ra6 {mates} h5 69. Rf6 Kg3 70. Rxf7 g4 71. Ke2 h4 72. Rg7 h3 73. Kf1) 68... Kf3 69. Ra5 $2 (69. Kd2 $18) 69... Kg4 $1 70. Ke3 f5 71. Kf2 h5 72. Kg2 h4 73. Ra4+ Kh5 74. Ra5 $2 (74. Ra8 $18 Kg4 75. Ra4+ Kh5 76. Kf3) 74... Kg6 $2 {[%mdl 8192]} (74... Kg4 $11 {and Black has nothing to worry.} 75. Ra3 Kf4 76. Ra4+ Ke3) 75. Kh3 Kf6 76. Ra6+ Kf7 77. Kg2 g4 78. Kf2 Kg7 79. Ke3 h3 80. Kf4 Kf7 81. Rh6 ({And not} 81. Kxf5 h2 $11) 81... Kg7 82. Rh5 Kg6 83. Rh4 Kf6 84. Rh8 {Threatens to win with Rg8.} Kg7 85. Rc8 Kg6 $2 (85... Kf7 $18 86. Rc7+ (86. Kxf5 g3 $11) 86... Kf6) 86. Rf8 {White mates.} Kh6 87. Rf6+ Kg7 88. Rxf5 {Precision: White = 79%, Black = 55%.} 1-0